06370nam a2200457 a 4500001000800000003000500008005001700013007000300030008004100033010001100074040002300085041001300108090002100121100003600142245011500178264004200293300004700335336002700382337002800409338002800437502010100465504003400566520455500600650004505155650003705200650003305237650003705270650003105307650002405338700003905362700003705401700003805438700003405476901001905510902000605529905006305535942005905598999001905657952011805676952011805794dia_638CHAP20251021132500.0ta220117s1991 mx d frm 001 0 spa d a171187 cCHAPamxchpuaerda0 aspabspa aTesisbM37c19911 aMartínez González, Máximo10aTorrefacción del cacao (Theobroma cacao) principios para su optimización /cMáximo Martínez González aChapingo, México :bEl autor,c1991 a122 hojas :bgráficas, diagramas, tablas 2rdacontentatextobtxt 2rdamediaano mediadobn 2rdacarrieravolumenbnc aTesisb(Ingeniero Agroindustrial) -- cUACh. Departamento de Ingeniería Agroindustrial, d1991 aBibliografía: hojas 120-1223 aEl en presente trabajo de investigación forma parte del proyecto global de investigación "El sistema Agroindustrial cacao en México. Tendencias, problemática y alternativas". Coordinado por el Programa Interdepartamental Integración Agricultura Industria (PIIAl) y que se realizó bajo la dirección del Centro Universitario del Sureste (CRUSE) el Departamento de Ingeniería Agroindustrial de la Universidad Autónoma Chapingo. El trabajo de investigación, en su contexto particular, se ubica dentro de la ingeniería y optimización de procesos agroindustriales. Para el experimento se utilizaron 2 niveles de estudio: planta piloto y planta industrial, en donde en el primer caso se evaluaron los efectos de tratamientos con 3 temperaturas (160 °C, 159 °C y 140 C) y 3 tiempos (35 min, 30 min y 25 min) en la torrefacción de cacao lavado y cacao fermentado, tomando como variables de respuesta la variación de la humedad, azúcares reductores, acidez (expresado como ácido acético) materia grasa; las cuales se relacionan directamente con el sabor y olor productos elaborados a base de cacao, por lo que nos interesan las mayor es reducciones en el contenido de cada una de las variables de respuesta, excepto la materia grasa ; pues de ésta se busca que no experimente cambios durante la torrefacción. Así mismo, de las muestras obtenidas se elaboró chocolate sencillo que se evaluaron sensorialmente para observar el grado de aceptabilidad y la calidad organoléptica que ofrece dicho producto. En el segundo caso, solamente caracterizaron las condiciones de torrefacción de diferentes mezclas de calidades de cacao (lavado, beneficiado y fermentado), tomando las mismas variables de respuesta que en el primer caso; así como la elaboración de chocolate sencillo y la realización de su respectivo análisis sensorial. Los tiempos fueron medidos cronométricamente de con un cronómetro de marca comercial y las temperaturas se fijaron y se registraron por medio de un termopar tipo T a través de un Termocouple Calibrator/ Indicator 473 (Beckman Industrial), para controlar el registro de las temperaturas se utilizó un gabinete de control de 9 termopares. Se emplearon técnicas estadísticas paramétricas y no paramétricas para el análisis de los resultados. Los resultados obtenidos indican que la humedad disminuyó en mayor proporción cuando el cacao lavado y fermentado fueron tostados a 160 °C por 35 minutos. Los azúcares reductores totales disminuyen en mayor proporción cuando el tostado se realiza a 160 °C por 30 min, para cacao lavado, y a 150 ° por 25 min para cacao fermentado. La presencia de acidez en cantidades mínimas, al final de la torrefacción, se obtiene si el cacao lavado es tostado a 160°C por 30 min, y para el cacao fermentado si se realiza a la temperatura, pero a 35 minutos. La materia grasa se presenta en mayor cantidad si el cacao lavado es tostado a 140 °C por 35 min, y 160 °C por 35 min si el cacao es fermentado. Los resultados obtenidos para las mezclas de calidades de cacao, para el caso de la humedad, fueron que las disminuciones máximas de este componente se obtuvieron en aquellas mezclas mayor proporción de cacao fermentado. Los azúcares reductores disminuyeron en mayor cantidad en aquellas mezclas con proporciones iguales de cacao fermentado y beneficiado. La acidez se redujo al máximo en las mezclas realizadas con cacao fermentado y lavado en proporciones iguales. Se obtienen mayores rendimientos de materia grasa, al final la torrefacción, en aquellas mezclas con cacao beneficiado (en mayor proporción), cacao fermentado y cacao lavado. El contenido de materia grasa en los granos de cacao lavado es menor después de efectuar la torrefacción a los niveles de tiempo y temperatura empleados en el experimento, en cambio; el contenido de materia grasa en los granos de cacao fermentado es mayor después de la torrefacción a cualquiera de los niveles de tiempo y temperatura empleados en el experimento y principalmente a 160 °C por 35 minutos. Este fenómeno no se presenta a las condiciones de 150 °C por 30 y 25 min, 140 °C por 35 y 30 minutos. Para obtener un chocolate con alta calidad sensorial, es necesario realizar la torrefacción a 160 °C por 25 min en el cacao lavado, y a 140 °C por 35 min en el cacao fermentado. Le torrefacción de mezclas de mezclas de diferentes calidades de cacao, no presentan diferencias aparentes en la calidad sensorial del chocolate elaborado. 13aSemillas de cacao 2atgxTorrefacción13aSemillas de cacaoxSecado 2atg13aTratamiento térmico 2atg13aCocoa beans 2atgxTorrefaction13aCocoa beansxDrying 2atg13aHeat treatment2atg1 aPacheco Huízar, Franciscoeautor1 aSantos Moreno, Armandoedirector1 aEspinosa Solares, Teodoroeasesor1 aLeyva Ruelas, Gabrieleasesor aTESIS M37 1991 aM a0000001991 mx 0000000000spa00 cTESIS2Clasificación Universidad Autónoma Chapingo c171187d171187 00102local4055708TESISaIA_bIA_eEl autorl0oTesis M37 1991p1101011416r2026-02-02 00:00:00tEj. 2yTESIS 00102local4051708TESISaIA_bIA_eEL autorl0oTesis M37 1991p1101016117r2026-02-02 00:00:00tEj. 1yTESIS